zpět

Detail výsledku týmu

Lok-Ham, Hluboká nad Vltavou

Datum a čas kvízu

34 Celkem bodů Celkový počet nahraných bodů na tomto kvízu bez doplňovacích otázek.
1. Pořadí na kvízu Konečné umístění týmu na tomto kvízu.

Zaznamenané odpovědi

# Otázka Odpověď Body Výsledky
1. Jedna kavárna na Šumavě zařadi... o smažený sýr 1
2. Na Slovensku byl schválen záko... B 0
3. Který hororový snímek získal v... Hříšníci/Sinners 0
4. Společnost Ryanair se dostala... o Elona Muska 1
5. Rvačky nejsou v NHL ničím neob... Florida Panthers, San Jose Sharks 0
6. Jak se jmenuje horolezec, jenž... Radek Jaroš 0
7. Jak se trojslovně jmenuje tato... lezení na rychlost 0
8. Jak se jmenuje tento základní... dračí smyčka 1
9. Za půl bodu napište jméno ikon... Matterhorn, Švýcarsko a Itálie 1
10. Jak se jmenuje fenomenální slo... B) Janja Garnbret 0